000 00378nam a2200145 a 4500
001 722
003 CDMR
005 20131217120314.0
008 130130s1995||||||||||||||||||||||||||||d
040 _aCDMR
_bcat
_cCDMR
110 2 _aInstitut d'Estudis Catalans
_9559
245 1 0 _aDiccionari de la llengua catalana
260 _aBarcelona
_c1995
_bEnciclopèdia Catalana
942 _cMON
_2udc
999 _c722
_d722